000 004760000a22001810004500
003 MACL
005 20151023110844.0
008 151023b xxu||||| |||| 00| 0 eng d
040 _aMACL
_cMACL
041 _aEnglish
082 _a954/MAJ
100 _aMajor, R H
_916344
245 _aIndia In The Fifteenth Century
_bNarratives of Voyages To India
260 _bAsian Educational Services
_c1992
_aDelhi
350 _a195
650 _aHistory
_916345
942 _cBK
_k954
_2ddc
999 _c4357
_d4357